Sacanjuches : cuentos guanacastecos /
Պահպանված է:
| Հիմնական հեղինակ: | |
|---|---|
| Այլ հեղինակներ: | , , |
| Ձևաչափ: | Անհայտ |
| Լեզու: | Spanish |
| Հրապարակվել է: |
San José, Costa Rica :
Universidad de Costa Rica,
1992.
|
| Հրատարակություն: | 1. edición |
| Խորագրեր: | |
| Ցուցիչներ: |
Ավելացրեք ցուցիչ
Չկան պիտակներ, Եղեք առաջինը, ով նշում է այս գրառումը!
|
MARC
| LEADER | 000000000a22000000004500 | ||
|---|---|---|---|
| 001 | 001727 | ||
| 020 | |a 9977671907 | ||
| 041 | 0 | |a spa | |
| 082 | 0 | 4 | |a CR863.4 |b R413s |
| 100 | 1 | |a Reni, Aníbal, |c seudónimo | |
| 245 | 1 | 0 | |a Sacanjuches : |b cuentos guanacastecos / |c Aníbal Reni ; Moisés Vicenzi, prólogo ; Luis Ferrero, glosario ; Julio Solera Oreamuno, ilustrador. |
| 250 | |a 1. edición | ||
| 260 | 1 | |a San José, Costa Rica : |b Universidad de Costa Rica, |c 1992. | |
| 300 | |a 121 páginas : |b ilustraciones | ||
| 500 | |a Otros ejemplares con número de inscripción 1834 y 14176. -- Reimpresiones: 1993 | ||
| 650 | 4 | |a LITERATURA COSTARRICENSE | |
| 650 | 4 | |a CUENTOS | |
| 700 | 1 | |a Vicenzi, Moisés |e prólogo | |
| 700 | 1 | |a Ferrero, Luis |e glosario | |
| 700 | 1 | |a Solera Oreamuno, Julio |e ilustrador | |
| 999 | |c 8409 |d 8409 | ||
| 942 | |c BK |h CR863.4 R413s |2 z | ||



